Bio-instrumentation (Record no. 364)

MARC details
000 -LEADER
Fixed length control field 00415nam a22001697a 4500
003 - CONTROL NUMBER IDENTIFIER
Control field SEACOMMC
005 - DATE AND TIME OF LATEST TRANSACTION
Control field 20231110050142.0
008 - FIXED-LENGTH DATA ELEMENTS--GENERAL INFORMATION
Fixed length control field 231110b |||||||| |||| 00| 0 eng d
020 ## - INTERNATIONAL STANDARD BOOK NUMBER / ISBN
Price $ 5.00
040 ## - CATALOGING SOURCE
Original cataloging agency SEACOMMC
082 ## - DEWEY DECIMAL CLASSIFICATION NUMBER
Classification number 570.28
Book Number WEB
100 1# - MAIN ENTRY--PERSONAL NAME
Personal name Webster, John G.
245 1# - TITLE STATEMENT
Title Bio-instrumentation
Statement of responsibility Edited by John G. Webster
260 ## - IMPRINT
Place of publication Singapore
Name of publisher John Wiley
Date of publication 2004
650 ## - SUBJECT ADDED ENTRY--TOPICAL TERM
Topical term Biology
942 ## - ADDED ENTRY ELEMENTS (KOHA)
Koha item type Books
Holdings
Withdrawn status Lost status Source of classification Damaged status Not for loan Home library Current library Date acquired Total Checkouts Call number Accession number Date last seen Price effective from Koha item type
    Dewey Decimal Classification     SEACOM MANAGEMENT COLLEGE SEACOM MANAGEMENT COLLEGE 20/09/2006   570.28 WEB 05574 10/11/2023 10/11/2023 Books
© Seacom Engineering College, All rights reserved.    Powered by Koha